| 000 | 00340nam a22001457a 4500 | ||
|---|---|---|---|
| 003 | SGT | ||
| 020 | _a9789380565729 | ||
| 082 | _a345.026 8,SON | ||
| 100 | _aSONI CAPT, S.L. | ||
| 245 | _aCYBER SECURITY & CYBER LAW | ||
| 260 |
_aNEW DELHI _bPRASHANT PUBLISHING HOUSE _c2016 |
||
| 300 | _a304 | ||
| 650 | _a CYBER LAW | ||
| 942 |
_2ddc _cBK _02 |
||
| 999 |
_c10316 _d10316 |
||